| 000 | 00510cam a22001691 4500 | ||
|---|---|---|---|
| 082 | 0 | 0 |
_a624.15136 _bTER _cL-26, P-82 |
| 100 | 1 |
_aTerzaghi, Karl, _922903 |
|
| 245 | 1 | 0 |
_aSoil mechanics in engineering practice _c[by] Karl Terzaghi [and] Ralph B. Peck. |
| 250 | _a2d ed. | ||
| 260 |
_aNew York, _bWiley _c[1967] |
||
| 300 |
_axx, 729 p. _billus. _c24 cm. |
||
| 526 |
_a0 _b0 _c0 _d624_151360000000000_TER |
||
| 650 | 0 |
_aMCE _9379 |
|
| 650 | 0 | _aSoil mechanics. | |
| 700 | 1 |
_aPeck, Ralph B. _926657 |
|
| 942 |
_2ddc _cBK |
||
| 999 |
_c546377 _d546377 |
||